000 01282nam a22003857a 4500
001 0060845
003 KOHA_MİRAKIL
005 20260207004315.0
007 ta
008 170912b2011 xx |||gr||||#||||0|eng |
020 _a9780745651392
_q
020 _a 9780745651408
_q
020 _a 0745651399
_q
020 _a 0745651402
_c82,09
040 _aTR-BiSEU
_btur
_cTR-BiSEU
_erda
041 0 _aeng
050 _aHD58.7
_b.K37 2011
100 1 _aKassing, Jeffrey W..
245 1 _aDissent in organizations/
_cJeffrey W. Kassing ; Jeffrey W. Kassing.
264 1 _aMalden, MA :
_bPolity Press
_c2011
300 _axiv, 226 page :illustrations ;21 cm
336 _ametin
_btxt
_2rdacontent
337 _aaracısız
_bn
_2rdamedia
338 _acilt
_bnc
_2rdacarrier
490 0 _aKey themes in organizational communication
500 _aIncludes bibliographical references (p. 200-214) and index
650 0 _aOrganizational behavior.
_93925
650 0 _aCommunication in organizations.
_96092
650 0 _aCorporate culture.
_913706
650 0 _aÖrgütsel davranış.
_93926
650 0 _aİletişim, Örgütlerde.
_92828
650 0 _aİşletme kültürü.
_99405
830 0 _aKey themes in organizational communication
_9112524
942 _2lcc
_cBK
999 _c60646
_d60646